00433nam a2200193Ia 4500008004100000020001800041050001600059100001800075245001700093245001400110245002100124260001500145260001600160260000900176300001600185300002000201300001000221500000800231170918s9999 xx 000 0 und d a9780545388559 bM875da 2011 aMorris, Paula aDark souls : ba novel / cby Paula Morris. aNew York : bScholastic, c2011 a292 pages : billustrations ; c20cm. a770